00509 2200169 4500001002100000005001500021035002000036007000300056008003900059082000700098084001300105100001400118245012900132260004600261650001800307990001400325INLIS00000000000988120260413023242 a0010-0426000220ta260413 | | |  a81 a81 BUD p0 aBUDIYANOR1 aPENGELOLAAN BARANG MILIK DAERAH DALAM PELAKSANAAN INVENTARISASI DI DINAS PERIKANAN KABUPATEN SERUYAN TAHUN 2024 /cBUDIYANOR aPALANGKA RAYA :bPERPUSTAKAAN UMPR,c2026 4aINVENTARISASI a238101757